Ψυχολογία της Συμπεριφοράς (Record no. 9732)
[ view plain ]
| 000 -LEADER | |
|---|---|
| fixed length control field | 02035cam a22001934a 4500 |
| 005 - ΗΜΕΡΟΜΗΝΙΑ ΚΑΙ ΩΡΑ ΤΕΛΕΥΤΑΙΑΣ ΕΝΗΜΕΡΩΣΗΣ | |
| Πεδίο ελέγχου | 20250605163720.0 |
| 008 - FIXED-LENGTH DATA ELEMENTS--GENERAL INFORMATION | |
| Πεδίο ελέγχου σταθερού μήκους | 250528s ||||||||||||||||||||||||d |
| 035 ## - SYSTEM CONTROL NUMBER | |
| System control number | 24897 |
| 020 ## - ISBN | |
| ISBN | 9789605461485 |
| 040 ## - ΠΗΓΗ ΚΑΤΑΛΟΓΟΓΡΑΦΗΣΗΣ | |
| Φορέας πρωτότυπης καταλογογράφησης | MC Athens Campus Library |
| Γλώσσα καταλογογράφησης | Ελληνικά, Μοντέρνα (1453-) |
| Modifying agency | MC Athens Campus Library |
| Κανόνες περιγραφικής καταλογογράφησης | AACR2 |
| 245 1# - ΤΙΤΛΟΣ ΚΑΙ ΔΗΛΩΣΗ ΥΠΕΥΘΥΝΟΤΗΤΑΣ | |
| Τίτλος | Ψυχολογία της Συμπεριφοράς |
| 260 ## - PUBLICATION, DISTRIBUTION, ETC. | |
| Name of publisher, distributor, etc. | Πεδίο, |
| Date of publication, distribution, etc. | 2013 |
| 300 ## - PHYSICAL DESCRIPTION | |
| Extent | 1008 |
| 520 ## - SUMMARY, ETC. | |
| Summary, etc. | Το βιβλίο αυτό σκοπεύει να δημιουργήσει, σε κάθε αναγνώστη, την ικανότητα να ερμηνεύει επιστημονικά το γιατί αισθάνεται, σκέφτεται, αντιλαμβάνεται και ενεργεί με τον τρόπο που τον χαρακτηρίζει και, εφόσον το επιθυμεί, να μπορεί να παρεμβαίνει, να ρυθμίζει δηλαδή τις συνθήκες του ώστε να αλλάζει αυτά τα ψυχολογικά φαινόμενα. Πρόλογος, Η Πειραματική Ανάλυση και η Επιστημονική Ερμηνεία Ψυχολογικών Φαινομένων, Προκαλούμενη Συμπεριφορά, Συντελεστική Συμπεριφορά, Τα Κίνητρα: Ο Καθορισμός της Ενισχυτικής Δύναμης, Προγράμματ Ενίσχυσης: Η Μακροπρόθεσμη Σχέση Δράσεων και Συνεπειών, Αρνητική Ενίσχυση και Τιμωρία, Πολύπλοκες Συντελεστικές Διακρίσεις: Η Φυσική Προέλευση της Καινοφανούς Αποτελεσματικής Συμπεριφοράς, Προτάσεις για Περαιτέρω Ανάγνωση, Βιβλιογραφικές Αναφορές, Γλωσσάρι, Αγγλο-Ελληνικό Λεξιλόγιο Όρων, Ευρετήριο Όρων και Θεμάτων. |
| 700 1# - ΠΡΟΣΘΕΤΗ ΑΝΑΓΡΑΦΗ--ΦΥΣΙΚΟ ΠΡΟΣΩΠΟ | |
| Personal name | Μέλλον Ρόμπερτ |
| 942 ## - ADDED ENTRY ELEMENTS (KOHA) | |
| Koha item type | Books |
| Τύπος τεκμηρίου | Βιβλιοθήκη | Τρέχουσα τοποθεσία | Barcode | Αριθμός εισαγωγής | Ημερομηνία απόκτησης | Ταξιθετικό σύμβολο | Αριθμός αντιτύπου | Κατάσταση απόσυρσης | Κατάσταση χαμένου | Κατάσταση κατεστραμμένου | Μη δανεισμός | Σύνολο δανεισμών | Ημερομηνία τελευταίας εμφάνισης | Χρονολογία τελευταίου δανεισμού | Η τιμή ισχύει από |
|---|---|---|---|---|---|---|---|---|---|---|---|---|---|---|---|
| Books | MC Athens Campus Library | MC Athens Campus Library | 9780000097316 | 7841 | 05/06/2025 | 150.1943 MEL | 1 | 1 | 27/11/2025 | 12/11/2025 | 05/06/2025 |